[Event "Almaty Fizmat op"]
[Site "Almaty"]
[Date "2021.10.09"]
[Round "7"]
[White "Kodiri, Pairavi"]
[Black "Tleukhanov, Yerlan"]
[Result "0-1"]
[WhiteElo "1136"]
[BlackElo "1768"]
[PlyCount "66"]
[EventDate "2021.10.08"]
[EventType "swiss (rapid)"]
[EventRounds "9"]
[EventCountry "KAZ"]
[SourceTitle "EXT 2023"]
[Source "ChessBase"]
[SourceDate "2022.10.05"]
[SourceVersion "1"]
[SourceVersionDate "2022.10.05"]
[SourceQuality "1"]

1. d4 Nf6 2. c4 g6 3. Nc3 Bg7 4. e4 d6 5. Nf3 0-0 6. Bd3 Nbd7 7. 0-0 e5 8. Re1 exd4 9. Nxd4 Nc5 10. Bc2 a5 11. Bg5 h6 12. Bxf6 Bxf6 13. Qd2 Bg7 14. Nb3 Be6 15. Nxc5 dxc5 16. Qe2 c6 17. Kh1 Qe7 18. f4 Rad8 19. f5 Bc8 20. fxg6 fxg6 21. e5 Bf5 22. Bb3 Rfe8 23. Bc2 Qxe5 24. Qxe5 Rxe5 25. Rxe5 Bxe5 26. Bxf5 gxf5 27. g3 Rd2 28. Na4 Bd4 29. Rf1 b5 30. Nb6 Rxb2 31. a3 b4 32. axb4 cxb4 33. Rxf5 Bxb6 0-1